| 000 | 01363cam a22003374a 4500 | ||
|---|---|---|---|
| 005 | 20260322212023.0 | ||
| 008 | data | ||
| 010 | _a 2003055491 | ||
| 020 | _a0313322031 (alk. paper) | ||
| 020 | _a9780313322037 (alk. paper) | ||
| 040 |
_aDLC _cDLC _dDLC |
||
| 042 | _apcc | ||
| 043 | _ae-gx--- | ||
| 050 | 0 | 0 |
_aDD290.26 _b.B47 2004 |
| 082 | 0 | 0 |
_a306/.0943/09045 _222 |
| 092 | _a306.09 B47 2004 | ||
| 100 | 1 | _aBernstein, Eckhard. | |
| 245 | 1 | 0 |
_aCulture and customs of Germany / _cEckhard Bernstein. |
| 260 |
_aWestport, Conn. : _bGreenwood Press, _c2004. |
||
| 300 |
_axvi, 217 p. : _bill., 1 map ; _c25 cm. |
||
| 440 | 0 | _aCulture and customs of Europe | |
| 504 | _aIncludes bibliographical references (p. [201]-208) and index. | ||
| 651 | 0 |
_aGermany _xCivilization _y20th century. |
|
| 651 | 0 |
_aGermany _xIntellectual life _y20th century. |
|
| 651 | 0 |
_aGermany _xHistory _xHistory _y20th century. |
|
| 651 | 0 |
_aGermany _xSocial life and customs _y20th century. |
|
| 906 |
_a7 _bcbc _corignew _d1 _eocip _f20 _gy-gencatlg |
||
| 925 | 0 |
_aacquire _b2 shelf copies _xpolicy default |
|
| 955 |
_dld02 2003-07-09 to sl _eld08 2003-07-08 to Dewey _fld20 2004-10-14 _gld08 2004-10-14 to BCCD |
||
| 001 | data | ||
| 999 |
_c508 _d508 |
||